Regulácia v prirodzených monopoloch

Základný rámec pre reguláciu výroby, výkupu, tranzitu a rozvodu plynu, elektriny a tepla, tvorí Zákon č. 276/2001 Z.z. o regulácii v sieťových odvetviach, ktorý nadobudol účinnosť od 1.8.2001. Zriadenie Úradu pre reguláciu sieťových odvetví, ktorého orgánom je i regulačná rada. Práva a povinnosti re...

Descrizione completa

Salvato in:
Dettagli Bibliografici
Autore principale: Kováč, František
Natura: Capitolo di libro
Lingua:slovacco
Soggetti:
Tags: Aggiungi Tag
Nessun Tag, puoi essere il primo ad aggiungerne!!

MARC

LEADER 00000naa a2200000 4500
001 r042836
005 20230801095808.7
041 0 |a slo 
044 |a SK 
245 1 0 |a Regulácia v prirodzených monopoloch  |c František Kováč 
520 |a Základný rámec pre reguláciu výroby, výkupu, tranzitu a rozvodu plynu, elektriny a tepla, tvorí Zákon č. 276/2001 Z.z. o regulácii v sieťových odvetviach, ktorý nadobudol účinnosť od 1.8.2001. Zriadenie Úradu pre reguláciu sieťových odvetví, ktorého orgánom je i regulačná rada. Práva a povinnosti regulovaného subjektu. 
610 2 0 |a odvetvia činnosti ekonomickej 
610 2 0 |a odvetvia priemyselné 
610 2 0 |a odvetvia výrobné 
610 2 0 |a plyn 
610 2 0 |a elektrina 
610 2 0 |a teplo 
610 2 0 |a výroba energie 
610 2 0 |a odvetvia sieťové 
610 2 0 |a úpravy právne 
610 2 0 |a Slovensko 
610 2 0 |a regulácia 
610 2 0 |a Úrad pre reguláciu sieťových odvetví 
100 1 |a Kováč, František